Príprava a analytické využitie DNA biosenzorov s komplexnou architektúrou povrchu diplomová práca
Saved in:
| Main Author: | |
|---|---|
| Format: | Book |
| Language: | English |
| Published: |
Bratislava
STU FCHPT
2017
|
| Online Access: | View in OPAC |
| Tags: |
No Tags, Be the first to tag this record!
|
MARC
| LEADER | 00000nam a2200000 a 4500 | ||
|---|---|---|---|
| 005 | 20260127134420.0 | ||
| 008 | 170613 2017 xo 001 0 eng d | ||
| 035 | |a vtls011635963 | ||
| 039 | 9 | |y 201706131232 |z mschk03 | |
| 040 | |a STUSCHK1 |b slo |c STUSCHK1 |e AACR2 | ||
| 100 | 1 | |a Hanzelyová, Martina | |
| 245 | 1 | |a Príprava a analytické využitie DNA biosenzorov s komplexnou architektúrou povrchu |b diplomová práca |c Martina Hanzelyová | |
| 260 | |a Bratislava |b STU FCHPT |c 2017 | ||
| 300 | |a 75 s. |b il. |c 25 cm | ||
| 500 | |a Študijný program: technická chémia | ||
| 500 | |a Študijný odbor: analytická chémia | ||
| 500 | |a Školiace pracovisko: Ústav analytickej chémie | ||
| 500 | |a Evid. číslo: FCHPT-104542-60695 | ||
| 910 | |a SCHK95 | ||
| 999 | |c 12270 |d 12270 | ||